Vybrané kapitoly z matematiky teória pravdepodobnosti

Na minha lista:
Detalhes bibliográficos
Autor principal: Mucha, Vladimír, 1976-
Autor Corporativo: Ekonomická univerzita v Bratislave. Fakulta hospodárskej informatiky
Outros Autores: Horáková, Galina, Kozubík, Aleš
Formato: Livro
Idioma:eslovaco
Publicado em: Bratislava Vydavateľstvo EKONÓM 2011
Assuntos:
Tags: Adicionar Tag
Sem tags, seja o primeiro a adicionar uma tag!

MARC

LEADER 00000nam a2200000 4500
001 0128015
005 20240502072447.4
020 |a 978-80-225-3183-2 
041 0 |a slo 
044 |a SK 
245 1 0 |a Vybrané kapitoly z matematiky  |b teória pravdepodobnosti  |c Vladimír Mucha 
264 1 |a Bratislava  |b Vydavateľstvo EKONÓM  |c 2011 
300 |a 147 s. [7,828 AH] 
610 2 0 |a matematika 
610 2 0 |a teória pravdepodobnosti 
100 1 |a Mucha, Vladimír, 1976- 
700 1 |a Horáková, Galina 
700 1 |a Kozubík, Aleš 
710 2 |a Ekonomická univerzita v Bratislave. Fakulta hospodárskej informatiky